000 006590000a22001450004500
020 _a978-1-939971-03-6
090 _aAV 0463
100 1 _aGeorge, Janet
245 1 0 _aLado a lado : una explicación concisa de la igualdad bíblica / Janet George
260 _aMineapolis : Christians for Biblical Equality
505 0 0 _aLa creación -- La caída -- La igualdad bíblica -- Uno en Cristo --- Jesús y las mujeres -- Los dones espirituales -- Las mujeres en la Biblia -- Dificultades en la iglesia primitiva -- El silencio -- La autoridad y la enseñanza -- La sumisión
650 1 4 _aBIBLIA Y FEMINISMO \ RELIGION Y FEMINISMO
001 18535
942 _cBK
999 _c44954
_d44954